00380cam a2200133 a 450008200140000010000180001424500450003225000120007726000650008930000260015450000200018065000250020070000210022500a541.3 ATK1 aAtkins, P. W.10aElements of physical chemistry / 4th.ed. a4th ed. aNew York :bW.H. Freeman :bOxford University Press,cc2005. axix, 627 p. :bill. ; aIncludes index. 0aChemistry, Physical 1 aDe Paula, Julio.